| 000 | 003260000a22000970004500 | ||
|---|---|---|---|
| 100 | 1 | _aReyes, José Antonio. | |
| 245 | 1 | 0 | _aDios padre y Dios hijo : La luz, la verdad y la vida eterna. Un estudio sobre la primera epístola de Juan |
| 300 | _aVol. 3, Núm 13 (1991), Páginas 24 | ||
| 773 | 0 | _tImpacto Presbiteriano | |
| 942 | _cANA | ||
| 999 |
_c50966 _d50966 |
||